Estadísticas para Departamentos de Bolivia

Haz click aquí para intentar la prueba.

Estadísticas generales

  • Esta prueba ha sido intentada 167 veces
  • La puntuación promedio es 7 de 9

Estadísticas de respuestas

Respuesta% Correcto
La Paz
100%
Santa Cruz
91%
Cochabamba
84%
Potosí
80%
Oruro
75%
Tarija
73%
Beni
69%
Pando
69%
Chuquisaca
65%

Distribución de puntuación

Porcentaje por número respondido

Porcentaje de gente con cada puntuación

Historial de tus puntuaciones

No has intentado esta prueba.